Central Library OPAC University of Rajshahi
Normal view MARC view

Entry Personal Name

Number of records used in: 2

001 - CONTROL NUMBER

  • control field: 10928

003 - CONTROL NUMBER IDENTIFIER

  • control field: BD-RjUL

005 - DATE AND TIME OF LATEST TRANSACTION

  • control field: 20240118111939.0

008 - FIXED-LENGTH DATA ELEMENTS

  • fixed length control field: 240118|| aca||aabn | a|a d

040 ## - CATALOGING SOURCE

  • Original cataloging agency: BD-RjUL
  • Transcribing agency: BD-RjUL

100 ## - HEADING--PERSONAL NAME

  • Personal name: Mead, William Edward,
  • Dates associated with a name: 1860-1949

670 ## - SOURCE DATA FOUND

  • Source citation: Work cat.: (BD-RjUL)82672: Merlin 10880, Merlin or the early history of King Arthu r:, 1899